000 00446nam a2200181Ia 4500
001 19254
005 20260306171730.0
008 260306s9999||||xx |||||||||||||| ||und||
041 _aESP
082 _a658.812
_bU77
100 _aUribe MacĂ­as, Mario Enrique
_eAUT
245 0 _aGerencia del servicio:
_balternativa para la competitividad
260 _c2013
300 _a
_c
650 _aGEN
654 _aCAN
942 _cLIB
_dJUS
_fJUS
_2ddc
_n
999 _c19254
_d19254